Spell the Marvel Character #241 - Statistics

General Stats
  • This quiz has been taken 14 times
  • The average score is 7 of 10
Answer Stats
Picture Answer % Correct
Ant-Man
100%
Daredevil
100%
She-Hulk
92%
Arachne
69%
Namor the Sub-Mariner
69%
Outlaw
69%
Dinah Soar
62%
Inferno
62%
Hepzibah
54%
Redwing
54%
No matching quizzes found
Score Distribution
Percent of People with Each Score
Percentile by Number Answered
Your Score History
You have not taken this quiz